| 000 | 01209nam0a2200325 4500 | ||
|---|---|---|---|
| 001 | RU\NLR\BIBL_A\022542894 | ||
| 005 | 20260417191036.0 | ||
| 010 |
_a978-5-6046928-5-1 _92000 |
||
| 021 |
_aRU _bКН-П-24-064979 _9КН-П-24-6477 |
||
| 035 | _a(NLR Aleph) 022542894 | ||
| 090 |
_a13410218 _c13410218 |
||
| 100 | _a20250516d2022 c y0rusy50 ca | ||
| 101 | 0 | _atyv | |
| 102 | _aRU | ||
| 105 | _aa z 000 y | ||
| 181 | 0 |
_ai _baxxe |
|
| 182 | 0 | _an | |
| 200 | 1 |
_aӨңгүр өңнер _eбичиилерге шүлүктер _fСветлана Ондар _gхудожники К. О. Бинова, А. А-Х. Ондар |
|
| 203 |
_aТекст _bвизуальный _cнепосредственный |
||
| 210 |
_aКызыл _c[б. и.] _d2022 |
||
| 215 |
_a56 с. _cцв. ил. _d18 |
||
| 541 | 1 |
_aЯркие краски _eстихи _zrus |
|
| 686 | 1 | _aШ9(2)6=Ту70-5 | |
| 700 | 1 |
_7ca _8rus _aОндар _bС. А. _f1984- _gСветлана Алексеевна _92705659 _3RU\NLR\AUTH\770292506 |
|
| 702 | 1 |
_aБинова _bК. О. _4440 |
|
| 702 | 1 |
_aОндар _bА. А.-Х. _gАзиймаа Аяк-Хээевна _4440 |
|
| 852 |
_aNLR _bОНЛ _jТув./2-1368 |
||
| 942 | _cBOOK | ||
| 980 | _aNB | ||